Coupe du monde de rugby 1987 - Statistiques

Statistiques générales
  • Ce quiz a été pris 144 fois
  • Le résultat moyen est 15 sur 16
Statistiques - réponses
Réponse % Correct
France
99%
Australie
98%
Ecosse
98%
Nouvelle-Zélande
98%
Italie
97%
Pays de Galles
97%
Irlande
95%
Angleterre
94%
Argentine
92%
Fidji
90%
Tonga
90%
Canada
88%
Etats-Unis
88%
Roumanie
83%
Japon
82%
Zimbabwe
61%
Aucun quiz correspondant
Distribution des résultats
% des personnes avec chaque résultat
Percentile par nombre de réponses
Votre historique - résultats
Vous n’avez pas pris ce quiz